| 000 | 00633nac a22001931u 4500 | ||
|---|---|---|---|
| 020 | _a0155055267 | ||
| 082 |
_a621.194 _bMUR |
||
| 090 |
_c7924 _d7924 |
||
| 100 | _aMurgai, M. P. | ||
| 245 |
_aBoiler operations/ _cM. P. Murgai and Ram Chandra |
||
| 260 |
_aNew Delhi: _bNew age international,1990 _c1990 |
||
| 300 |
_a338p.: _bill.; _c23 cm. |
||
| 500 | _adistributer: Al-Ahram | ||
| 504 | _aIncludes bibliographical references and index | ||
| 511 | _acatalogued by: wessam | ||
| 650 |
_aSteam-boilers _xHandbooks, manuals, etc. |
||
| 700 | _aChandra, Ram | ||
| 942 |
_cBB _k621.194 MUR |
||
| 999 |
_c7924 _d7924 |
||